000 00767nam a2200205Ia 4500
005 20241216011408.0
008 190429s9999||||xx |||||||||||||| ||und||
082 _a511.33
_bC22
100 _aCAMPOS TORRES YVAN GERSON, CAPCHA CARHUAPOMA JAIME ALFREDO, DURAN FLORES PERCY WILLYAR
245 0 _aESTRATEGIAS CONSTRUCTIVAS PARA EL INTER APRENDIZAJE DE LAS FUNCIONES EN EL 2DO GRADO DE EDUCACION SECUNDARIA EN EL COLEGIO DE APLICACION "EL AMAUTA" UNDAC
250 _a0
260 _aCERRO DE PASCO-PERU
_bUNDAC
_c1999
300 _a68 pag.
_c30 cm.
341 _h0
490 _v0
_a0
505 _aFUNCIONES/DOMINIO/RANGO/FUNCIONES LINALES/CUADRATICOS
541 _aD
_bCAMPOS TORRES, YVAN G.
_d21-Feb-03
_oSoles
650 _aMatemática Y F¡sica
942 _cTESIS
999 _c40723
_d40723